书目信息 |
| 题名: |
青春常在
|
|
| 作者: | 柯切托夫 , Кочетов 著 ;刘恩鸿 译 | |
| 分册: | ||
| 出版信息: | 长沙 湖南人民出版社 1980 |
|
| 页数: | 622页 | |
| 开本: | 21cm | |
| 丛书名: | ||
| 单 册: | ||
| 中图分类: | I512.45 , I512.4 | |
| 科图分类: | ||
| 主题词: | 长篇小说--苏联--现代 , 文学 | |
| 电子资源: | ||
| ISBN: | ||
| 000 | 00915nam0 2200313 45 | |
| 001 | 0180007300 | |
| 005 | 20040412142707.1 | |
| 010 | @dCNY1.68 | |
| 091 | @a10109.1227 | |
| 100 | @a19950817d1980 em y0chiy0121 ea | |
| 101 | 1 | @achi@crus |
| 102 | @aCN@b430000 | |
| 105 | @ay z 000ay | |
| 106 | @ar | |
| 200 | 10 | @a青春常在@Aqing chun chang zai@f(苏)柯切托夫(В.Кочетов)著@g刘恩鸿译 |
| 210 | @a长沙@c湖南人民出版社@d1980 | |
| 215 | @a622页@d21cm | |
| 300 | @a书名原文:Молодость с нами | |
| 510 | 1 | @aМолодость с нами@zrus |
| 606 | @a长篇小说@y苏联@z现代 | |
| 606 | 0 | @a文学 |
| 690 | @aI512.45@v3 | |
| 690 | @aI512.4 | |
| 701 | 1 | @a柯切托夫@Ake qie tuo fu@bВ.@4著 |
| 701 | A1 | @aКочетов@bВ@4著 |
| 702 | 0 | @a刘恩鸿@Aliu en hong@4译 |
| 801 | 0 | @aCN@b上海图书馆@c20040412 |
| 801 | 2 | @aCN@bNLC@c20040412 |
| 905 | @f2@b28848-849@dI512.4@e362@b28852@f1 | |
| 青春常在/(苏)柯切托夫(В.Кочетов)著/刘恩鸿译.-长沙:湖南人民出版社,1980 |
| 622页;21cm |
| 书名原文:Молодость с нами |
| ISBN :CNY1.68 |
| ● |
| 相关链接 |
|
|
|
|
正题名:青春常在
索取号:I512.4/362
 
预约/预借
| 序号 | 登录号 | 条形码 | 馆藏地/架位号 | 状态 | 备注 |
| 1 | 0028848 | 000651761 | 第二借阅区/ [索取号:I512.4/362] | 在馆 | |
| 2 | 0028849 | 000651770 | 第一样本阅览室/ [索取号:I512.4/362] | 在馆 | |
| 3 | 0028852 | 000651789 | 第二借阅区/ [索取号:I512.4/362] | 在馆 |